| 000 | 00332nam a2200145Ia 4500 | ||
|---|---|---|---|
| 999 |
_c86691 _d86691 |
||
| 003 | 0100 | ||
| 005 | 20170529120446.0 | ||
| 008 | 130307s9999 xx 000 0 und d | ||
| 040 | _cARRUPELIB | ||
| 050 | _aDT194.J8 1931 | ||
| 100 |
_aJulien, Charles Andr^ _931427 |
||
| 245 | _aHistoire de l'Afrique du Nord | ||
| 260 |
_bPayout _aParis _c1931 |
||
| 650 |
_aAfrica, North _xHistory _931199 |
||
| 942 |
_2lcc _cMONOGRAPH |
||